| 000 | 01044njm a2200301Ia 4500 | ||
|---|---|---|---|
| 001 | 37815 | ||
| 003 | IT-RoPAU | ||
| 005 | 20220918181112.0 | ||
| 008 | 131025s9999 xx 000 0 und d | ||
| 040 | _aIT-RoPAU | ||
| 040 | _cIT-RoPAU | ||
| 041 | _aPOLACCO | ||
| 999 |
_c99042 _d99042 |
||
| 999 | _bSI | ||
| 100 |
_aJackowski Marek _920032 |
||
| 100 |
_eAutore musica _920033 |
||
| 100 |
_gCodice autore musica SPICS: 25111 _920034 |
||
| 245 | _aNocny Patrol | ||
| 250 | _a1a ed. | ||
| 260 | _aPOLONIA | ||
| 260 |
_bPOLTON _c1983 [1a Ed.:1983 - Ed. Lingua Orig.: 1983] |
||
| 300 | _aDISCO | ||
| 500 | _aMusica polacca. Canzone polacca | ||
| 505 | _aNocny Patrol - Jestem Kobieta - To Tylko Tango - French Is Strange - Polskie Ulice - Eksplozja - Zdrada - Raz Dwa Raz Dwa - Krakowski Spleen - Milosc Jest Jak Opium | ||
| 650 |
_aCANZONE POLACCA [DISCHI] _eCodice MATERIA SPICS: 9950 _920035 |
||
| 700 |
_aJackowska O. _eAutore _gCodice autore SPICS: 25200 _920036 |
||
| 700 |
_aMaanam _gCodice interprete SPICS: 17425 _eInterprete _920037 |
||
| 942 |
_cMD _2ddc |
||